Normal view
MARC view
Entry Personal Name
001 - CONTROL NUMBER
- control field: 60779
003 - CONTROL NUMBER IDENTIFIER
- control field: dpl
005 - DATE AND TIME OF LATEST TRANSACTION
- control field: 20240109115408.0
008 - FIXED-LENGTH DATA ELEMENTS
- fixed length control field: 240109|| aca||aabn | a|a d
040 ## - CATALOGING SOURCE
- Original cataloging agency: dpl
- Transcribing agency: dpl
100 ## - HEADING--PERSONAL NAME
- Personal name: द्विवेदी, भूमिका अश्क
670 ## - SOURCE DATA FOUND
- Source citation: Work cat.: (dpl)200044: द्विवेदी, भूमिका अश्क, माणिक कौल कहानी एक कश्मीर की /, 2021
